Planetas de Star Wars (Versión Extendida) - Estadísticas

Estadísticas generales
  • Esta prueba ha sido intentada 46 veces
    42 desde el último reinicio
  • La puntuación promedio es 17 de 32
Estadísticas de respuestas
Imagen Respuesta % Correcto
Tatooine
97%
Naboo
94%
Coruscant
88%
Endor
85%
Hoth
85%
Kamino
85%
Mustafar
85%
Geonosis
79%
Dagobah
76%
Yavin
76%
Alderaan
70%
Kashyyyk
70%
Utapau
61%
Jakku
58%
Bespin
52%
Scarif
52%
Exegol
45%
Felucia
45%
Mon Cala
39%
Ryloth
39%
Jedha
36%
Lothal
36%
Crait
33%
Mygeeto
33%
Ahch-To
30%
Dathomir
30%
Kessel
30%
Corellia
27%
Mandalore
27%
Nevarro
27%
Canto Bight
24%
Malastare
21%
No se encontraron pruebas coincidentes
Distribución de puntuación
Porcentaje de gente con cada puntuación
Porcentaje por número respondido
Historial de tus puntuaciones
No has intentado esta prueba desde el último reinicio